Il monismo e le sue basi filosofiche
Saved in:
| Main Author: | |
|---|---|
| Format: | Book |
| Language: | Italian |
| Published: |
Florencia
Fiorentina
1914
|
| Subjects: | |
| Tags: |
Add Tag
No Tags, Be the first to tag this record!
|
MARC
| LEADER | 00000nam a2200000 a 4500 | ||
|---|---|---|---|
| 001 | UCZ4665 | ||
| 003 | CL-VaPUC | ||
| 008 | 951110e19140000IT |||||||||||||||||ita|d | ||
| 082 | 0 | 4 | |a 147.3 |b KLI |2 21 |
| 100 | 0 | |a Klimke, Friedrich |e author |9 348676 | |
| 245 | 1 | 3 | |a Il monismo e le sue basi filosofiche |
| 300 | |a v | ||
| 942 | |c BK | ||
| 945 | |d 19951110 00:00:00 |a lriquelm | ||
| 260 | |a Florencia |b Fiorentina |c 1914 | ||
| 650 | 7 | |a MONISMO |2 CL-VaPUC |9 348677 | |
| 650 | 0 | |a Escuelas filosóficas |9 266232 | |
| 650 | 0 | |a Filosofía de la naturaleza |9 265899 | |
| 650 | 7 | |a SER |2 CL-VaPUC |9 320176 | |
| 650 | 0 | |a Filosofía del espíritu |9 320175 | |
| 583 | |a last modification |c 19951110 00:00:00 |k Rodrigo Vera | ||
| 999 | |c 241033 |d 241031 | ||
| 952 | |0 0 |1 0 |4 0 |6 147_300000000000000_KLI_1914 |7 0 |8 P |9 253177 |a BIBEDU |b BIBEDU |c BIBEDU_PB |d 2019-11-19 |h v.1 |i 1597043 |o 147.3 KLI 1914 |p 1597043 |r 2024-01-25 |w 2019-11-19 |y BK |k FIL | ||
| 952 | |0 0 |1 0 |4 0 |6 147_300000000000000_KLI_1914 |7 0 |8 P |9 253178 |a BIBEDU |b BIBEDU |c BIBEDU_PB |d 2019-11-19 |h v.2 |i 1597051 |o 147.3 KLI 1914 |p 1597051 |r 2024-01-25 |w 2019-11-19 |y BK |k FIL | ||